Họ là con gái Tập truyện
v.v...
Đã lưu trong:
| Tác giả chính: | |
|---|---|
| Định dạng: | Sách |
| Năm xuất bản: |
Tp. Hồ Chí Minh
Nxb Trẻ
1999
|
| Chủ đề: | |
| Tags: |
Thêm thẻ
Không có thẻ, Hãy là người đầu tiên gắn thẻ bản ghi này!
|
| LEADER | 01328nam a2200217 4500 | ||
|---|---|---|---|
| 082 | |a 895.922334 |b L250X | ||
| 100 | |a Lê Xuân Hoa | ||
| 245 | |a Họ là con gái |c Lê Xuân Hoa |b Tập truyện | ||
| 260 | |a Tp. Hồ Chí Minh |b Nxb Trẻ |c 1999 | ||
| 300 | |a 166 tr. |c 18 cm. | ||
| 500 | |a Nội dung: Mối tình đầu, Hôm nay không phải là hôm qua, Một thời để nhớ... Họ là con gái... | ||
| 520 | |a v.v... | ||
| 653 | |a Văn học hiện đại | ||
| 653 | |a Việt Nam | ||
| 653 | |a Truyện ngắn | ||
| 942 | |2 ddc |c STK0 | ||
| 999 | |c 1905 |d 1905 | ||
| 952 | |0 0 |1 0 |2 ddc |4 0 |6 895_922334000000000_L250X |7 1 |8 800 |9 29347 |a qbu |b qbu |c D5 |d 2014-12-11 |g 11500 |o 895.922334 L250X |p 1103.c1 |r 2015-11-12 |w 2014-12-11 |y STK0 |0 0 |6 895_922334000000000_L250X | ||
| 952 | |0 0 |1 0 |2 ddc |4 0 |6 895_922334000000000_L250X |7 0 |8 800 |9 29348 |a qbu |b qbu |c D5 |d 2014-12-11 |g 11500 |o 895.922334 L250X |p 1103.c2 |r 0000-00-00 |w 2014-12-11 |y STK0 |0 0 |6 895_922334000000000_L250X | ||
| 952 | |0 0 |1 0 |2 ddc |4 0 |6 895_922334000000000_L250X |7 0 |8 800 |9 29349 |a qbu |b qbu |c D5 |d 2014-12-11 |g 11500 |l 3 |o 895.922334 L250X |p 1103.c3 |r 2015-04-17 |s 2015-04-16 |w 2014-12-11 |y STK0 |0 0 |6 895_922334000000000_L250X | ||
| 952 | |0 0 |1 0 |2 ddc |4 0 |6 895_922334000000000_L250X |7 0 |8 800 |9 29350 |a qbu |b qbu |c D5 |d 2014-12-11 |g 11500 |o 895.922334 L250X |p 1103.c4 |r 2015-10-29 |w 2014-12-11 |y STK0 |0 0 |6 895_922334000000000_L250X | ||